| 000 | 00502nam a2200169Ia 4500 | ||
|---|---|---|---|
| 008 | 230917s9999||||xx |||||||||||||| ||und|| | ||
| 020 | _cRS 550.00 | ||
| 040 |
_e5003753 _aMAIN |
||
| 041 | _aEnglish | ||
| 082 | _a658.872 H195D | ||
| 100 | _aHanlon, Annmarie | ||
| 245 | 0 | _aDigital marketing: Strategic planning and integration | |
| 260 |
_aNew Delhi _bSage Publications India _c2019 |
||
| 300 | _axviii, 341 p. | ||
| 500 | _a4137 18/10/2021 RK21/1080 28/10/2021 IMSAR (Dev. & Research) | ||
| 942 | _cBK | ||
| 999 |
_c2948 _d2948 |
||